بھيکو کسا ن کا بھا ر ت مہما ن (Record no. 165521)

MARC details
000 -LEADER
fixed length control field 00652nam a22001937a 4500
005 - DATE AND TIME OF LATEST TRANSACTION
control field 20190620170335.0
010 ## - LCCN (DPL NO)
LC control number UR-10225
020 ## - INTERNATIONAL STANDARD BOOK NUMBER
Terms of availability 300.00
International Standard Book Number 9789388105255
035 ## - SYSTEM CONTROL NUMBER
System control number U-8780
037 ## - SOURCE OF ACQUISITION
Source of stock number/acquisition DBAD/PUB
082 ## - DEWEY DECIMAL CLASSIFICATION NUMBER
Classification number ن
100 ## - MAIN ENTRY--PERSONAL NAME
Personal name خا ن سليم
245 ## - TITLE STATEMENT
Title بھيکو کسا ن کا بھا ر ت مہما ن
Statement of responsibility, etc خا ن سليم
246 ## - VARYING FORM OF TITLE
Remainder of title Bhiku Kisan ka Bharat Mahan (Novel) (Urdu)
Title proper/short title by Salim Khan
260 ## - PUBLICATION, DISTRIBUTION, ETC. (IMPRINT)
Place of publication, distribution, etc Delhi
Name of publisher, distributor, etc Educational Publishing House
Date of publication, distribution, etc 2018 ء
270 ## - ADDRESS
Address 3191،Vakil Street,Kucha Pandit,Lal Kuan,
City Delhi
Postal code 110006
Telephone number 23216162
Fax number 00911123211540
300 ## - PHYSICAL DESCRIPTION
Extent 260ص
Dimensions 22 Cm(Hb)
942 ## - ADDED ENTRY ELEMENTS (KOHA)
Source of classification or shelving scheme Dewey Decimal Classification
Item type Urdu Bks
Classification part ن
Call number suffix خ ا ن
Holdings
Withdrawn status Lost status Not for loan Collection code Home library Current library Date acquired Source of acquisition Cost, normal purchase price Full call number Barcode Copy number Cost, replacement price Koha item type
    Not For Loan Fiction D.B.Act.Division D.B.Act.Division 20/06/2019 DBAD/PUB 300.00 ن خ ا ن U-8780 1 300.00 Urdu Bks

© Delhi Public Library
Hit Counter
free hit counter